000 00450nam a2200181Ia 4500
001 22622
005 20260414150843.0
008 260414t2014||||xx |||||||||||||| ||spa||
041 _aESP
082 _a621.3822
_bK19
100 _aKamenov, Anton
_eAUT
245 0 _aDigital signal processing for audio applications
_b
260 _c2014
300 _axiv, 220 páginas :
_c23 cm.
650 _aTCA
654 _aCET
942 _cLIB
_dJUS
_fJUS
_2ddc
_n
999 _c22622
_d22622